| 000 | 00470nam a2200181Ia 4500 | ||
|---|---|---|---|
| 005 | 20250326123919.0 | ||
| 008 | 250326s9999 xx 000 0 und d | ||
| 037 | _aTextbook | ||
| 040 |
_aFMSL _beng _cFMSL |
||
| 041 |
_aeng _2eng |
||
| 084 |
_aSNI K82 _qFMSL |
||
| 100 |
_aHomans G C _9736377 |
||
| 245 | 0 |
_aHuman group _cHomans G C |
|
| 260 |
_aLondon _bLondon, Routledge _c1968 |
||
| 300 | _a500p | ||
| 942 |
_cTB _hSNI K82 |
||
| 999 |
_c1271447 _d1271447 |
||